000 00585nam a2200193 a 4500
001 3528
005 20140414131950.0
008 060509s19uu xx 00 eng d
020 _a0-07-571677-1
050 _aTR 372.4
_bL.K Unit 1-8 BLM 2002
245 _aUnits 1-8 assessment :
_bSRA open court reading, L.K.
260 _aColumbus, Ohio :
_bSRA/McGraw-Hill,
_c2002.
300 _a81 p. : ill. ; cm.
440 _aSRA Open Court Reading, Red
500 _aBlackline Masters
650 _aReading
_xStudy and teaching.
650 _aActivities
_xReproducibles.
999 _c112761
_d112761